| Tag |
First Indicator |
Second Indicator |
Subfields |
| LEADER |
00000cam a2200000Wa 4500 |
| 001 |
in00000099714 |
| 005 |
20150924160401.0 |
| 008 |
730601s1973 nyuab j b 00110 engm |
| 010 |
|
|
|a 72009580
|
| 020 |
|
|
|a 0684132397 :
|c $5.95
|
| 035 |
|
|
|a (OCoLC)00649879
|
| 035 |
|
|
|9 AAL0332AM
|
| 040 |
|
|
|a DLC
|c DLC
|d m.c.
|d TXA
|d UtOrBLW
|
| 049 |
|
|
|a [Curr Col] TXAM
|c [1562256]
|
| 050 |
0 |
0 |
|a QL737.U56
|b M33
|
| 082 |
0 |
|
|a 599/.7357
|
| 100 |
1 |
|
|a MacClintock, Dorcas.
|
| 245 |
1 |
2 |
|a A natural history of giraffes /
|c pictures by Ugo Mochi ; text by Dorcas MacClintock.
|
| 264 |
|
1 |
|a New York :
|b Scribner,
|c [1973]
|
| 264 |
|
4 |
|c ©1973
|
| 300 |
|
|
|a x, 134 pages :
|b illustrations, map ;
|c 24 cm.
|
| 336 |
|
|
|a text
|b txt
|2 rdacontent
|
| 337 |
|
|
|a unmediated
|b n
|2 rdamedia
|
| 338 |
|
|
|a volume
|b nc
|2 rdacarrier
|
| 500 |
|
|
|a Includes index.
|
| 504 |
|
|
|a Bibliography: page 129.
|
| 536 |
|
|
|a This book is given through the estate of M.D. "Bert" Wheeler, College Station, TX, 1999.
|
| 650 |
|
0 |
|a Giraffe.
|
| 700 |
1 |
|
|a Mochi, Ugo,
|d 1889-1977.
|
| 999 |
|
|
|a MARS
|
| 999 |
f |
f |
|s d41f8a91-e7ca-3f32-951a-d4fd9568000f
|i 64bb449e-8114-35a4-b2bc-a4b337d705a4
|t 0
|
| 952 |
f |
f |
|p normal
|a Texas A&M University
|b College Station
|c Sterling C. Evans Library
|d Evans: Library Stacks
|t 0
|e QL737.U56 M33
|h Library of Congress classification
|i unmediated -- volume
|m A14827046765
|
| 952 |
f |
f |
|p ric
|a Texas A&M University
|b Rellis Campus
|c Joint Library Facility
|d Remote Storage
|t 0
|e QL737.U56 M33
|h Library of Congress classification
|i unmediated -- volume
|m A14806045461
|
| 998 |
f |
f |
|a QL737.U56 M33
|t 0
|l Evans: Library Stacks
|
| 998 |
f |
f |
|a QL737.U56 M33
|t 0
|l Remote Storage
|